Roma (Registro nro. 89340)

Detalles MARC
001 - NÚMERO DE CONTROL
campo de control 113576
005 - FECHA Y HORA DE LA ÚLTIMA TRANSACCIÓN
campo de control 20260506081443.0
008 - DATOS DE LONGITUD FIJA--INFORMACIÓN GENERAL
campo de control de longitud fija 961127s1994 spa
020 ## - NÚMERO INTERNACIONAL ESTÁNDAR DEL LIBRO
Número Internacional Estándar del Libro 8448300394
035 ## - NÚMERO DE CONTROL DEL SISTEMA
Número de control de sistema 113576
035 ## - NÚMERO DE CONTROL DEL SISTEMA
Número de control de sistema (OCoLC)318336107
040 ## - FUENTE DE LA CATALOGACIÓN
Centro/agencia transcriptor comduadb
041 ## - CÓDIGO DE LENGUA
Código de lengua del texto/banda sonora o título independiente spa
082 #4 - NÚMERO DE LA CLASIFICACIÓN DECIMAL DEWEY
Número de clasificación 910
245 10 - MENCIÓN DE TÍTULO
Título Roma
260 ## - PUBLICACIÓN, DISTRIBUCIÓN, ETC.
Lugar de publicación, distribución, etc. Barcelona :
Nombre del editor, distribuidor, etc. Acento Editorial,
Fecha de publicación, distribución, etc. 1994.
300 ## - DESCRIPCIÓN FÍSICA
Extensión 512 páginas.
505 ## - NOTA DE CONTENIDO CON FORMATO
Nota de contenido con formato CONTENIDO : Naturaleza. -- Historia de Roma. -- Artes y tradiciones. -- Arquitectura. -- Roma vista por los pintores. -- Roma vista por los escritores. -- Capitolio, Foro, Palatino. -- Del Foro holitorium al Coliseo. -- Circo máximo y aventino. -- El celio. -- El Vaticano. -- Del puente Sant' Angelo al Gueto. -- Del Gesú al Palazzo Madama. -- Piazza Navona y alrededores. -- El Quirinal. -- El Tridente. -- La Via Appia Antica. -- De las termas de Diocleciano a San Pedro an Vincula. -- Transtevere. -- De la Villa Giulia al Foro itálico. -- Roma extramuros. -- Tívoli, Palestrina. -- Ostia. -- Agenda de viaje.
650 ## - PUNTO DE ACCESO ADICIONAL DE MATERIA--TÉRMINO DE MATERIA
Término de materia o nombre geográfico como elemento de entrada Guías turísticas
9 (RLIN) 21473
650 ## - PUNTO DE ACCESO ADICIONAL DE MATERIA--TÉRMINO DE MATERIA
Término de materia o nombre geográfico como elemento de entrada Italia
9 (RLIN) 5349
942 ## - ELEMENTOS DE ENTRADA AGREGADA (KOHA)
Tipo de ítem Koha Libros
Existencias
Estado de retiro Estado de pérdida Estado dañado No para préstamo Código de colección Localización permanente Ubicación/localización actual Fecha de adquisición Fuente de adquisición Coste, precio normal de compra Número de inventario Total de préstamos Signatura topográfica completa Código de barras Fecha visto por última vez Número de copia Precio válido a partir de Tipo de ítem Koha
        Colección General Piso 2 Biblioteca Carlos Gaviria Díaz, Campus Medellín Biblioteca Carlos Gaviria Díaz, Campus Medellín 19/11/1998 Otros proveedores 43000.00 C168008   910.202 R756 61000000164653 22/04/2023 1 22/04/2023 Libros